LEADER 01427nam a2200337 a 4500 001 000000131340 003 CaOOAMICUS 005 20121115114607.0 008 121115s2005 it u000 u ita r 020 $a88-498-1252-3 040 $aPUL$bita 041 1 $aita$hfre 082 04$a113 100 1 $aBrague, Rémi.$0(OLS)http://pul/name/49417 240 10$aSagesse du monde.$lItaliano.$0(OLS)http://pul/title/165912 245 13$aLa saggezza del mondo :$bstoria dell'esperienza umana dell'Universo /$cRémi Brague. 260 $aSoveria Mannelli :$bRubbettino,$c©2005. 300 $aXIX, 382 p. ;$c24 cm. 490 1 $aSuperSaggi. Filosofia e Scienza 504 $aBibliografia p. [351]-376. 650 4$aFilosofia della natura.$0(OLS)http://pul/subject/8566 650 4$aCosmologia.$0(OLS)http://pul/subject/526 830 0$aSuperSaggi (Rubettino)$pFilosofia e Scienza.$0(OLS)http://pul/title/165911 850 $aPUL 852 $aPUL$W1$xSL Filosofia 3$y81$m113 BRARE 1$j151637$qDDC 21$B150533$CPULBib$Z2$F150533 $H121192 $82 941 1 $a9 996 $6020$a88-498-1252-3$9(OLS)http://pul/number/151042 996 $6082$a113$9(OLS)http://pul/classification/1702 996 $6245$aLa saggezza del mondo :$bstoria dell'esperienza umana dell'Universo$9(OLS)http://pul/title/165913 996 $6260$aSoveria Mannelli :$bRubbettino$9(OLS)http://pul/publisher/51639 LEADER 01338nam a2200265 a 4500 001 000000164819 003 CaOOAMICUS 005 20171205184041.0 008 171205s1981 it m u001 u ita r 032 $aLibriCat 040 $aPUL$bita 100 1 $aCuman, Fiorenzo Silvano.$0(OLS)http://pul/name/106051 245 12$aL'apporto di Fra Tommaso da Olera per la difesa della fede e la promozione della pietà popolare nel Tirolo della prima metà del '6OO / $cFiorenzo Silvano Cuman. 260 $aRoma :$b[s.n.],$c1982. 300 $a72 p. ;$c24 cm. 502 $aEstratto da Tesi -- Pontificia Università Urbaniana. Facoltà di Teologia. 1981. 504 $aBibliografia in nota a piè pagina. 600 04$aTommaso da Olera,$cO.F.M. Cap.,$d1567-1631.$0(OLS)http://pul/subject/38326 710 2 $aPontificia Università Urbaniana.$bFacoltà di teologia$kTesi.$0(OLS)http://pul/name/81495 850 $aPUL 852 $aPUL$W1$xDP1 Tesi Pon. Univ. Urbaniana$y49$mTH URB TH90$j189017$qTesi$B192136$CPULBib$Z2$F192136 $82 941 1 $a16 996 $6245$aL'apporto di Fra Tommaso da Olera per la difesa della fede e la promozione della pietà popolare nel Tirolo della prima metà del '6OO / $9(OLS)http://pul/title/204512 996 $6260$aRoma :$b[s.n.]$9(OLS)http://pul/publisher/47958